Principles of design and operation of catering equipment

保存先:
書誌詳細
第一著者: Milson, Anthony (autor)
フォーマット: 図書
言語:英語
出版事項: Chichester Ellis Horwood 1980
シリーズ:Ellis Horwood Series in Food science and Technology
主題:
タグ: タグ追加
タグなし, このレコードへの初めてのタグを付けませんか!

MARC

LEADER 00000nam a2200000 a 4500
001 UCR5662
003 CL-VaPUC
008 980403e19800000UK |||||||||||||||||eng|d
082 0 4 |a 647.95  |b MIL  |2 21 
100 |a Milson, Anthony  |e autor  |9 406550 
245 1 0 |a Principles of design and operation of catering equipment 
300 |a 440 p 
942 |c BK 
945 |d 19980403 00:00:00  |a crobeson 
260 |a Chichester  |b Ellis Horwood  |c 1980 
650 7 |a SERVICIOS ALIMENTICIOS  |2 CL-VaPUC  |9 405423 
650 7 |a TECNOLOGIA DE ALIMENTOS  |2 CL-VaPUC  |9 406551 
650 0 |a Mecánica de fluidos   |9 259464 
650 7 |a CONDUCCION  |2 CL-VaPUC  |9 405442 
650 7 |a CONVECCION  |2 CL-VaPUC  |9 405441 
650 0 |a Radiación  |9 259874 
650 0 |a Microondas  |9 263311 
650 0 |a Refrigeración  |9 259343 
650 0 |a Transmisión de calor  |9 259410 
650 0 |a Alimentos  |9 256203 
583 |a last modification  |c 19980403 00:00:00  |k Rodrigo Vera 
490 0 |a Ellis Horwood Series in Food science and Technology 
999 |c 268125  |d 268123 
952 |0 0  |1 0  |4 0  |6 647_950000000000000_MIL_1980  |7 0  |8 A  |9 301054  |a BIBALI  |b BIBALI  |d 2019-11-20  |i 197713K  |o 647.95 MIL 1980  |p 197713K  |r 2025-01-20  |w 2019-11-20  |y BK  |k ALI